01336nam a2200301Ia 4500001001200000003000800012006001900020007001500039008004100054020002200095040002100117035002000138050002400158082001500182100002700197245021600224260005400440300005400494504006400548533015200612650004700764650001300811650001600824655002900840700002200869710001700891856012600908ebr10087017CaPaEBRm u cr cn|||||||||030225s2003 bccaf sb 001 0 eng c z0865714495 (pbk.) aCaPaEBRcCaPaEBR a(OCoLC)7075319014aTH8135b.G83 2003eb04a693/.62221 aGuelberth, Cedar Rose.14aThe natural plaster bookh[electronic resource] :bearth, lime and gypsum plasters for natural homes /cCedar Rose Guelberth & Dan Chiras ; foreword by Matts Myhrman & Judy Knox ; illustrations by Deanne Bedner. aGabriola, B.C. :bNew Society Publishers,cc2003. axix, 250 p., [8] p. of plates :bill. (some col.) aIncludes bibliographical references (p. 221-240) and index. aElectronic reproduction.bPalo Alto, Calif. :cebrary,d2009.nAvailable via World Wide Web.nAccess may be limited to ebrary affiliated libraries. 0aBuilding materialsxEnvironmental aspects. 0aPlaster. 0aPlastering. 7aElectronic books.2local1 aChiras, Daniel D.2 aebrary, Inc.40uhttp://site.ebrary.com/lib/rucke/Doc?id=10087017zAn electronic book accessible through the World Wide Web; click to view